Berühmte Finnen - Statistiken

Allgemein
  • Dieses Quiz wurde 64 mal gespielt
  • Das Durchschnittsergebnis liegt bei 7 aus 20
Antwortstatistiken
Hint Antwort % Korrekt
Formel-1-Pilot, Weltmeister 1982, Sohn Nico ist ebenfalls Formel-1-Pilot (Weltmeister 2016) Keke Rosberg
73%
Formel-1-Pilot für McLaren, Weltmeister 1998 und 1999 Mika Häkkinen
73%
Formel-1-Pilot, "Iceman", Weltmeister 2007, Fahrer mit den meisten gefahrenen Rennen Kimi Räikkönen
69%
Als Monster verkleidete Metal-Band, welche 2006 den ESC gewinnen konnte Lordi
65%
Skispringer, 5x Sieger der Vierschanzentournee, 2x Sieger des Gesamtweltcups zwischen 1998 und 2008 Janne Ahonen
56%
Komponist: Karelia-Suite, Finlandia, Pelleas und Melisande Jean Sibelius
45%
Fußball-Torwart, 2015-2018 bei Eintracht bei Eintracht Frankfurt, seitdem bei Leverkusen Lukáš Hrádecký
45%
Skispringer, 4x Olympiagold, 2x Vierschanzentournee, 4x Gesamtweltcup zwischen 1982 und 1988 Matti Nykänen
35%
Langläufer, "Der fliegende Finne", 9x olympisches Gold zwischen 1920 und 1928, sowie 14 Weltrekorde Paavo Nurmi
35%
Fußballspieler und Trainer, 99-09 bei Liverpool, 09-11 bei Leverkusen; Trainer: 2012-2014 bei Leverkusen, 2015/16 bei Zürich Sami Hyypiä
35%
Pop-Rock-Band: Fairytale Gone Bad, Hollywood Hills, Lifesaver, Nothing Is Over, I Help You Hate Me Sunrise Avenue
33%
Metal/Rock-Band um Frontmann Ville Valo, Join Me (in Death), The Funeral of Hearts, Wings of a Butterfly HIM
25%
Regisseur: Ariel, Leningrad Cowboys Go America, Wolken ziehen vorüber, Der Mann ohne Vergangenheit, Le Havre Aki Kaurismäki
16%
Entwickler des Linux-Betriebssystems Linus Torvalds
16%
Präsident Finnlands von 1994 bis 2000, Friedensnobelpreisträger für seine Arbeit als Diplomat und Friedensvermittler Martti Ahtisaari
13%
Symphonic Metal Band: Nemo, Wish I Had an Angel, Amaranth, Élan Nightwish
13%
Aktuelle Ministerpräsidentin Finnlands Sanna Marin
13%
Kinderbuchautorin, Erfinderin der Mumins Tove Jansson
13%
Schriftsteller, Nobelpreisträger (1939), "Silja, die Magd", Das fromme Elend, Eines Mannes Weg Frans Eemil Sillanpää
5%
Soldat im Winterkrieg, der über 500 sowjetische Soldaten tötete und somit der tödlichste Soldat aller Zeiten ist, "Der weiße Tod" Simo Häyhä
5%
Keine übereinstimmenden Quizze gefunden
Verteilung der Resultate
Anzahl Personen mit jedem Resultat
Perzentil nach korrekt beantworteten Fragen
Ihre Resultats-Entwicklung
Sie haben dieses Quiz noch nicht gespielt